| 000 | 00353nam a2200145Ia 4500 | ||
|---|---|---|---|
| 008 | 150201s2008 xx 000 0 und d | ||
| 082 |
_a617.0183 _bO2008K |
||
| 100 | _aORBANS | ||
| 245 | _aORBANS ORAL HISTOLOGY & EMBRYOLOGY | ||
| 250 | _a12TH | ||
| 260 |
_bELSEVIER _aDELHI _c2008 |
||
| 300 | _a1-363 | ||
| 650 | _aORAL PATHOLOGY | ||
| 942 |
_2ddc _cBK _015 |
||
| 999 |
_c4138 _d4138 |
||